[Event "Bankia op"]
[Site "Bankia"]
[Date "1992.??.??"]
[Round "5"]
[White "Kosachki, Vasil Videnov"]
[Black "Radev Iordanov, Nikolay"]
[Result "1/2-1/2"]
[WhiteElo "2248"]
[BlackElo "2355"]
[PlyCount "79"]
[EventDate "1992.??.??"]
[EventType "swiss"]
[EventRounds "9"]
[EventCountry "BUL"]
[SourceTitle "EXT 1998"]
[Source "ChessBase"]
[SourceDate "1997.11.17"]
[SourceVersion "1"]
[SourceVersionDate "1997.11.17"]
[SourceQuality "1"]

1. Nf3 Nf6 2. c4 g6 3. g3 Bg7 4. Bg2 0-0 5. 0-0 c6 6. Nc3 d5 7. cxd5 cxd5 8. d4 Nc6 9. Qb3 Ne4 10. Be3 Na5 11. Qd1 Nxc3 12. bxc3 b6 13. Ne5 Ba6 14. f4 Rc8 15. Bd2 Qd6 16. Rf3 Rfd8 17. g4 f6 18. Nd3 Nc4 19. Be1 e5 20. fxe5 fxe5 21. Bg3 Qe7 22. dxe5 Nxe5 23. Re3 Bxd3 24. Bxe5 Bxe5 25. Rxd3 d4 26. Qb3+ Kg7 27. c4 Bf4 28. Rf3 g5 29. Qd3 Qe6 30. Rh3 h6 31. Bd5 Be3+ 32. Kh1 Qxg4 33. Rg3 Qd7 34. Rf1 Rf8 35. Rxf8 Rxf8 36. Rf3 Rxf3 37. Bxf3 Qh3 38. Bg2 Qh4 39. Qd1 Qf2 40. Qf1 1/2-1/2

[Event "Bankia op"]
[Site "Bankia"]
[Date "1992.??.??"]
[Round "3"]
[White "Orev, Petar"]
[Black "Radev Iordanov, Nikolay"]
[Result "1/2-1/2"]
[WhiteElo "2305"]
[BlackElo "2355"]
[PlyCount "50"]
[EventDate "1992.??.??"]
[EventType "swiss"]
[EventRounds "9"]
[EventCountry "BUL"]
[SourceTitle "EXT 1998"]
[Source "ChessBase"]
[SourceDate "1997.11.17"]
[SourceVersion "1"]
[SourceVersionDate "1997.11.17"]
[SourceQuality "1"]

1. Nf3 Nf6 2. g3 g6 3. Bg2 Bg7 4. 0-0 0-0 5. d3 d5 6. c3 c5 7. Qc2 Nc6 8. Nbd2 e5 9. Re1 Re8 10. e4 h6 11. a3 Be6 12. b4 cxb4 13. axb4 Qc7 14. Ra3 Nd4 15. Qb2 Nxf3+ 16. Nxf3 dxe4 17. dxe4 Nd7 18. Bf1 Rec8 19. Bd2 Nb6 20. Be3 Bc4 21. Nd2 Bxf1 22. Rxf1 Nc4 23. Nxc4 Qxc4 24. f3 a5 25. Qb1 axb4 1/2-1/2

[Event "Teteven op"]
[Site "Teteven"]
[Date "1991.??.??"]
[Round "2"]
[White "Chuchelov, Vladimir"]
[Black "Radev Iordanov, Nikolay"]
[Result "1-0"]
[WhiteElo "2420"]
[BlackElo "2355"]
[PlyCount "81"]
[EventDate "1991.??.??"]
[EventType "swiss"]
[EventRounds "11"]
[EventCountry "BUL"]
[SourceTitle "EXT 1999"]
[Source "ChessBase"]
[SourceDate "1998.11.16"]
[SourceVersion "1"]
[SourceVersionDate "1998.11.16"]
[SourceQuality "1"]

1. Nf3 Nf6 2. c4 c5 3. Nc3 d5 4. cxd5 Nxd5 5. g3 Nc6 6. Bg2 g6 7. d3 Bg7 8. Bd2 0-0 9. h4 Bg4 10. Nh2 Be6 11. h5 c4 12. hxg6 fxg6 13. dxc4 Nxc3 14. Bxc3 Bxc3+ 15. bxc3 Qxd1+ 16. Rxd1 Bxc4 17. Rd7 Rab8 18. 0-0 Bxa2 19. Ra1 Bc4 20. Bxc6 bxc6 21. Raxa7 Rb2 22. Rxe7 Rf7 23. Rxf7 Bxf7 24. Ng4 Kf8 25. e4 Rc2 26. Ne5 Bg8 27. Ra3 Re2 28. f3 Be6 29. Kf1 Rc2 30. g4 c5 31. f4 Ke7 32. Ra7+ Kd6 33. Ra6+ Ke7 34. f5 gxf5 35. gxf5 Bb3 36. f6+ Kd8 37. c4 Rxc4 38. Ra8+ Kc7 39. Nxc4 Bxc4+ 40. Kf2 Kd6 41. Re8 1-0

[Event "BUL-ch38"]
[Site "Sofia"]
[Date "1984.09.??"]
[Round "?"]
[White "Radev Iordanov, Nikolay"]
[Black "Grigorov, Jordan N"]
[Result "0-1"]
[WhiteElo "2325"]
[BlackElo "2410"]
[PlyCount "98"]
[EventDate "1984.09.10"]
[EventType "tourn"]
[EventRounds "15"]
[EventCountry "BUL"]
[EventCategory "7"]
[SourceTitle "MCL"]
[Source "ChessBase"]
[SourceDate "1999.07.01"]
[SourceVersion "1"]
[SourceVersionDate "1999.07.01"]
[SourceQuality "1"]

1. d4 Nf6 2. c4 g6 3. Nc3 Bg7 4. e4 d6 5. Be2 0-0 6. Bg5 c5 7. d5 e6 8. Qd2 exd5 9. exd5 Qb6 10. Nf3 Bf5 11. 0-0 Ne4 12. Nxe4 Bxe4 13. Bh6 Bxh6 14. Qxh6 Bxf3 15. Bxf3 Nd7 16. b3 Rae8 17. h4 Qd8 18. Rae1 Ne5 19. Bd1 f5 20. Qf4 Qf6 21. Bc2 Re7 22. Re3 Rfe8 23. h5 Ng4 24. Rxe7 Rxe7 25. hxg6 hxg6 26. Bd1 Ne5 27. Qg3 f4 28. Qh3 Rh7 29. Qc8+ Kg7 30. Qxb7+ Nf7 31. Bg4 Qh4 32. Bh3 f3 33. Qd7 Rh5 34. Re1 fxg2 35. Re3 Rf5 36. Rg3 Rxf2 37. Kxf2 g1Q+ 38. Kxg1 Qxg3+ 39. Kf1 Qf3+ 40. Ke1 Kh6 41. Be6 Qg3+ 42. Kd1 Ng5 43. Qxa7 Qd3+ 44. Ke1 Qe3+ 45. Kf1 Nf3 46. Kg2 Qe2+ 47. Kg3 Ne1 48. Bg4 Qe3+ 49. Kh2 Qf2+ 0-1

[Event "BUL-ch38"]
[Site "Sofia"]
[Date "1984.09.??"]
[Round "?"]
[White "Radev Iordanov, Nikolay"]
[Black "Popov, Luben"]
[Result "1/2-1/2"]
[WhiteElo "2325"]
[BlackElo "2425"]
[PlyCount "36"]
[EventDate "1984.09.10"]
[EventType "tourn"]
[EventRounds "15"]
[EventCountry "BUL"]
[EventCategory "7"]
[SourceTitle "MCL"]
[Source "ChessBase"]
[SourceDate "1999.07.01"]
[SourceVersion "1"]
[SourceVersionDate "1999.07.01"]
[SourceQuality "1"]

1. d4 d5 2. c4 c6 3. cxd5 cxd5 4. Nf3 Nf6 5. Nc3 Nc6 6. Bf4 Bf5 7. e3 e6 8. Bd3 Bxd3 9. Qxd3 Bd6 10. Bxd6 Qxd6 11. 0-0 0-0 12. Rfc1 Rac8 13. a3 a6 14. Rc2 b5 15. Rac1 Nd7 16. Ne2 Ne7 17. Rxc8 Rxc8 18. Rxc8+ Nxc8 1/2-1/2

[Event "BUL-ch38"]
[Site "Sofia"]
[Date "1984.09.??"]
[Round "?"]
[White "Radev Iordanov, Nikolay"]
[Black "Velikov, Petar"]
[Result "1-0"]
[WhiteElo "2325"]
[BlackElo "2465"]
[PlyCount "79"]
[EventDate "1984.09.10"]
[EventType "tourn"]
[EventRounds "15"]
[EventCountry "BUL"]
[EventCategory "7"]
[SourceTitle "MCL"]
[Source "ChessBase"]
[SourceDate "1999.07.01"]
[SourceVersion "1"]
[SourceVersionDate "1999.07.01"]
[SourceQuality "1"]

1. e4 c5 2. Nf3 e6 3. d4 cxd4 4. Nxd4 a6 5. Bd3 Nf6 6. 0-0 d6 7. c4 Nbd7 8. Nc3 b6 9. f4 Bb7 10. Qe2 Qc7 11. Kh1 Be7 12. Bd2 0-0 13. Rae1 Rad8 14. Nf3 g6 15. b3 Rfe8 16. Bb1 Bf8 17. Qf2 Qc5 18. Be3 Qa5 19. Bd2 Qh5 20. h3 Bg7 21. Qg3 Qc5 22. Re2 b5 23. cxb5 axb5 24. Qe1 Nh5 25. Nd1 Qc6 26. g4 Nhf6 27. Kh2 Nc5 28. Nf2 e5 29. fxe5 dxe5 30. Bb4 Ne6 31. Rc2 Qa6 32. g5 Nh5 33. Ng4 Nef4 34. Rc5 Ne6 35. Rxe5 Bxe5+ 36. Nfxe5 Nxg5 37. Nh6+ Kg7 38. Nexf7 Bxe4 39. Bc3+ Nf6 40. Rxf6 1-0

[Event "BUL-ch36"]
[Site "Sofia"]
[Date "1982.12.18"]
[Round "13"]
[White "Radev Iordanov, Nikolay"]
[Black "Inkiov, Ventzislav"]
[Result "0-1"]
[WhiteElo "2350"]
[BlackElo "2495"]
[PlyCount "172"]
[EventDate "1982.12.04"]
[EventType "tourn"]
[EventRounds "15"]
[EventCountry "BUL"]
[EventCategory "6"]
[SourceTitle "EXT 1999"]
[Source "ChessBase"]
[SourceDate "1998.11.16"]
[SourceVersion "1"]
[SourceVersionDate "1998.11.16"]
[SourceQuality "1"]

1. e4 e5 2. Nf3 Nc6 3. Nc3 Nf6 4. Bb5 Bb4 5. 0-0 0-0 6. d3 Bxc3 7. bxc3 d6 8. h3 h6 9. Re1 Qe7 10. Nh2 Na5 11. d4 c5 12. Bf1 Nc6 13. Bb2 Qc7 14. Rb1 Re8 15. Bd3 Qa5 16. a3 cxd4 17. cxd4 Nxd4 18. Bxd4 exd4 19. Nf3 Qxa3 20. Nxd4 a6 21. Qd2 Qc5 22. Nb3 Qc7 23. Na5 b5 24. c4 Bd7 25. Rbc1 Qb6 26. Rb1 Qc7 27. Bf1 Qa7 28. Bd3 Reb8 29. cxb5 Bxb5 30. Rbc1 Qd7 31. Bxb5 Rxb5 32. f3 Rc8 33. Nc4 d5 34. exd5 Qxd5 35. Qxd5 Rxd5 36. Nb6 Rxc1 37. Rxc1 Rb5 38. Rc8+ Kh7 39. Nc4 Rb1+ 40. Kf2 Rc1 41. Ke3 Nd5+ 42. Ke4 Ne7 43. Rc5 f5+ 44. Kd3 f4 45. Ra5 Nc6 46. Ra4 Rg1 47. Ke4 Rxg2 48. Rxa6 Ne7 49. Kxf4 Ng6+ 50. Ke3 Rh2 51. Ra7 Rxh3 52. Nd2 Nh4 53. Rd7 Kg6 54. Ke4 Ng2 55. Rd6+ Kh5 56. Rd5+ g5 57. Rd6 Rh1 58. Rf6 Re1+ 59. Kd4 Rd1 60. Kd3 Nf4+ 61. Kc2 Rg1 62. Ra6 Rg2 63. Rd6 Re2 64. Kd1 Re3 65. Ra6 Nd3 66. Rf6 Ne1 67. Kc1 Nd3+ 68. Kd1 Nf2+ 69. Kc2 Re1 70. Ra6 Re8 71. Nf1 Rf8 72. Nd2 Rh8 73. Nf1 Nh1 74. Ne3 Rf8 75. Ng4 Rxf3 76. Nxh6 Rf8 77. Kd2 Nf2 78. Ke2 Ng4 79. Nxg4 Kxg4 80. Ra4+ Kh3 81. Ra3+ Kg2 82. Ra4 Re8+ 83. Kd2 Kg3 84. Ra3+ Kh4 85. Ra1 g4 86. Rg1 Kh3 0-1

[Event "BUL-ch36"]
[Site "Sofia"]
[Date "1982.12.11"]
[Round "7"]
[White "Radev Iordanov, Nikolay"]
[Black "Georgiev, Kiril"]
[Result "1/2-1/2"]
[WhiteElo "2350"]
[BlackElo "2380"]
[PlyCount "85"]
[EventDate "1982.12.04"]
[EventType "tourn"]
[EventRounds "15"]
[EventCountry "BUL"]
[EventCategory "6"]
[SourceTitle "EXT 1999"]
[Source "ChessBase"]
[SourceDate "1998.11.16"]
[SourceVersion "1"]
[SourceVersionDate "1998.11.16"]
[SourceQuality "1"]

1. e4 c5 2. Nf3 d6 3. Bb5+ Bd7 4. Bxd7+ Qxd7 5. 0-0 e6 6. c3 Nf6 7. Re1 Nc6 8. d4 cxd4 9. cxd4 d5 10. e5 Ne4 11. a3 Be7 12. Nbd2 Nxd2 13. Bxd2 0-0 14. b4 b5 15. Qe2 a5 16. Qxb5 axb4 17. axb4 Nxe5 18. Qxd7 Nxd7 19. Kf1 Nb6 20. Ne5 Bd6 21. Ke2 Bxe5 22. dxe5 Nc4 23. Bc3 Rfb8 24. Kd3 Kf8 25. f4 Ke7 26. g4 Kd7 27. h4 Kc6 28. f5 Nb6 29. Bd4 Nc4 30. Bc3 Ra3 31. Rxa3 Nxa3 32. fxe6 fxe6 33. Rf1 Nb5 34. Rf7 Ra8 35. Bb2 Ra7 36. Rf8 Ra4 37. Rf4 Nc7 38. Kc2 Na6 39. Rf7 Rxb4 40. Rxg7 Nc5 41. Ba3 Rc4+ 42. Kd1 Nd3 43. Re7 1/2-1/2

[Event "Pamporovo-06"]
[Site "Pamporovo"]
[Date "1982.03.14"]
[Round "7"]
[White "Abramovic, Bosko"]
[Black "Radev Iordanov, Nikolay"]
[Result "1-0"]
[WhiteElo "2445"]
[BlackElo "2350"]
[PlyCount "82"]
[EventDate "1982.03.08"]
[EventType "tourn"]
[EventRounds "11"]
[EventCountry "BUL"]
[EventCategory "8"]
[SourceTitle "MCD"]
[Source "ChessBase"]
[SourceDate "1999.07.01"]
[SourceVersion "1"]
[SourceVersionDate "1999.07.01"]
[SourceQuality "1"]

1. e4 c5 2. Nf3 e6 3. Nc3 a6 4. g3 Nc6 5. Bg2 Qc7 6. 0-0 Be7 7. d4 cxd4 8. Nxd4 Nf6 9. Re1 Nxd4 10. Qxd4 Bc5 11. Qd1 d6 12. Be3 e5 13. a4 Be6 14. a5 0-0 15. Na4 Bxe3 16. Rxe3 Qxa5 17. Qxd6 Rad8 18. Qc5 Qd2 19. h3 Rc8 20. Qxe5 Rxc2 21. Rf3 Nd7 22. Qf4 b5 23. Nc3 Rxb2 24. Rxa6 Qe1+ 25. Kh2 b4 26. Nd5 Rb1 27. g4 Nc5 28. Rb6 Nxe4 29. Ne7+ Kh8 30. h4 Nd2 31. Rd3 Nf1+ 32. Kh3 h5 33. f3 hxg4+ 34. fxg4 Re8 35. Be4 Qe2 36. Rxe6 fxe6 37. Rf3 Qh2+ 38. Qxh2 Nxh2 39. Kxh2 Rb2+ 40. Kg3 g6 41. Nxg6+ Kg7 1-0

[Event "BUL-ch35"]
[Site "Sofia"]
[Date "1981.12.01"]
[Round "17"]
[White "Radev Iordanov, Nikolay"]
[Black "Velikov, Petar"]
[Result "1/2-1/2"]
[WhiteElo "2360"]
[BlackElo "2445"]
[PlyCount "59"]
[EventDate "1981.11.12"]
[EventType "tourn"]
[EventRounds "17"]
[EventCountry "BUL"]
[EventCategory "6"]
[SourceTitle "EXT 1999"]
[Source "ChessBase"]
[SourceDate "1998.11.16"]
[SourceVersion "1"]
[SourceVersionDate "1998.11.16"]
[SourceQuality "1"]

1. e4 c5 2. Nf3 e6 3. d4 cxd4 4. Nxd4 a6 5. Bd3 Qc7 6. 0-0 Nf6 7. c4 Nc6 8. Nxc6 dxc6 9. f4 e5 10. f5 Bc5+ 11. Kh1 h5 12. Nc3 Ng4 13. Qe2 Qd8 14. h3 Qd4 15. Bc2 b5 16. g3 Ne3 17. Bxe3 Qxe3 18. Qxe3 Bxe3 19. Bd3 Bb7 20. Kg2 Ke7 21. Kf3 Bd4 22. Rac1 g6 23. cxb5 axb5 24. Nxb5 Rxa2 25. Nxd4 exd4 26. Rf2 Kf6 27. fxg6 fxg6 28. Kg2+ Ke5 29. Rc5+ Kd6 30. Rg5 1/2-1/2

[Event "BUL-ch35"]
[Site "Sofia"]
[Date "1981.11.27"]
[Round "14"]
[White "Stefanov, Krasimir"]
[Black "Radev Iordanov, Nikolay"]
[Result "1/2-1/2"]
[WhiteElo "2295"]
[BlackElo "2360"]
[PlyCount "112"]
[EventDate "1981.11.12"]
[EventType "tourn"]
[EventRounds "17"]
[EventCountry "BUL"]
[EventCategory "6"]
[SourceTitle "EXT 1999"]
[Source "ChessBase"]
[SourceDate "1998.11.16"]
[SourceVersion "1"]
[SourceVersionDate "1998.11.16"]
[SourceQuality "1"]

1. e4 e5 2. Nf3 Nc6 3. Bb5 a6 4. Ba4 Nf6 5. Qe2 Be7 6. c3 d6 7. 0-0 0-0 8. d4 Bd7 9. Bc2 exd4 10. Nxd4 Nxd4 11. cxd4 Bb5 12. Bd3 Bxd3 13. Qxd3 c5 14. Nc3 b5 15. b3 Rc8 16. Bb2 Re8 17. Rad1 Bf8 18. Rfe1 cxd4 19. Qxd4 Qc7 20. h3 Qc5 21. Qd3 Re6 22. Rc1 Qb4 23. Re2 Rce8 24. Rce1 g6 25. Bc1 h6 26. Bd2 Qa3 27. Nb1 Qc5 28. Bc3 Nh5 29. g3 Bg7 30. Kg2 Bxc3 31. Nxc3 Nf6 32. Re3 b4 33. Nb1 Rc8 34. R3e2 Qb5 35. Qd2 Qb7 36. f3 h5 37. h4 Nd7 38. Qd4 Ne5 39. Rd1 Rc5 40. Rf2 a5 41. Nd2 Qc6 42. Nf1 f5 43. Nd2 fxe4 44. Qxe4 d5 45. Qd4 Nf7 46. Nf1 Nd6 47. Ne3 Nb5 48. Qf4 d4 49. Nc4 Rf5 50. Qd2 Nc3 51. Re1 Ref6 52. Qd3 Qd5 53. Nd2 Re5 54. Rxe5 Qxe5 55. Nc4 Qd5 56. Rd2 a4 1/2-1/2

[Event "BUL-ch35"]
[Site "Sofia"]
[Date "1981.11.19"]
[Round "7"]
[White "Radev Iordanov, Nikolay"]
[Black "Donchev, Dimitar I"]
[Result "1/2-1/2"]
[WhiteElo "2360"]
[BlackElo "2435"]
[PlyCount "26"]
[EventDate "1981.11.12"]
[EventType "tourn"]
[EventRounds "17"]
[EventCountry "BUL"]
[EventCategory "6"]
[SourceTitle "EXT 1999"]
[Source "ChessBase"]
[SourceDate "1998.11.16"]
[SourceVersion "1"]
[SourceVersionDate "1998.11.16"]
[SourceQuality "1"]

1. d4 Nf6 2. c4 g6 3. Nc3 d5 4. cxd5 Nxd5 5. g3 Bg7 6. Bg2 c6 7. e4 Nxc3 8. bxc3 e5 9. Ne2 exd4 10. cxd4 0-0 11. 0-0 Bg4 12. f3 Be6 13. Be3 Bc4 1/2-1/2

[Event "BUL-ch35"]
[Site "Sofia"]
[Date "1981.11.15"]
[Round "4"]
[White "Grigorov, Jordan N"]
[Black "Radev Iordanov, Nikolay"]
[Result "0-1"]
[WhiteElo "2380"]
[BlackElo "2360"]
[PlyCount "86"]
[EventDate "1981.11.12"]
[EventType "tourn"]
[EventRounds "17"]
[EventCountry "BUL"]
[EventCategory "6"]
[SourceTitle "EXT 1999"]
[Source "ChessBase"]
[SourceDate "1998.11.16"]
[SourceVersion "1"]
[SourceVersionDate "1998.11.16"]
[SourceQuality "1"]

1. d4 Nf6 2. c4 g6 3. Nc3 d5 4. Nf3 Bg7 5. Bg5 Ne4 6. Bh4 c5 7. cxd5 Nxc3 8. bxc3 Qxd5 9. e3 Nc6 10. Be2 cxd4 11. cxd4 0-0 12. 0-0 b6 13. Nd2 Bb7 14. Bf3 Qd7 15. Qa4 Rfd8 16. Rac1 Nxd4 17. Qxd7 Nxf3+ 18. Nxf3 Rxd7 19. Nd4 e5 20. Nb3 f6 21. f3 Kf7 22. Bf2 Bf8 23. Rfd1 Rad8 24. Rxd7+ Rxd7 25. e4 Ba3 26. Re1 Ba6 27. Be3 Rc7 28. Rd1 Ke7 29. Kf2 Rc2+ 30. Rd2 Rc3 31. f4 Bc4 32. fxe5 fxe5 33. Bg5+ Ke6 34. Rd8 Bxb3 35. axb3 Rxb3 36. Re8+ Kd6 37. Rd8+ Kc6 38. Rc8+ Kb5 39. Rc7 a5 40. Rxh7 a4 41. Ra7 Bc5+ 42. Ke2 a3 43. Bc1 Rb2+ 0-1

[Event "Pamporovo-05"]
[Site "Pamporovo"]
[Date "1981.??.??"]
[Round "2"]
[White "Lechtynsky, Jiri"]
[Black "Radev Iordanov, Nikolay"]
[Result "1-0"]
[WhiteElo "2455"]
[BlackElo "2360"]
[PlyCount "87"]
[EventDate "1981.02.??"]
[EventType "tourn"]
[EventRounds "13"]
[EventCountry "BUL"]
[EventCategory "8"]
[SourceTitle "MCD"]
[Source "ChessBase"]
[SourceDate "1999.07.01"]
[SourceVersion "1"]
[SourceVersionDate "1999.07.01"]
[SourceQuality "1"]

1. Nf3 Nf6 2. d4 g6 3. c4 Bg7 4. Nc3 d5 5. Bg5 Ne4 6. cxd5 Nxg5 7. Nxg5 e6 8. Qd2 exd5 9. Qe3+ Kf8 10. Qf4 Bf6 11. h4 h6 12. Nf3 c6 13. e4 Be6 14. e5 Be7 15. Bd3 Kg7 16. Ne2 Nd7 17. Qg3 h5 18. 0-0-0 Rc8 19. Kb1 Nf8 20. Nf4 Bg4 21. Rde1 Ne6 22. Bxg6 Nxf4 23. Bxh5 Nxh5 24. Qxg4+ Kf8 25. e6 f6 26. Rh3 Qe8 27. Ne5 fxe5 28. Rf3+ Nf6 29. dxe5 Rg8 30. Qf4 Rxg2 31. Qh6+ Kg8 32. exf6 Qg6+ 33. Qxg6+ Rxg6 34. fxe7 Re8 35. h5 Rg7 36. Rf6 Rexe7 37. f4 d4 38. h6 Rg2 39. f5 d3 40. Rg6+ Rxg6 41. fxg6 d2 42. Rh1 Kh8 43. Rf1 Kg8 44. Kc2 1-0

[Event "Pamporovo-05"]
[Site "Pamporovo"]
[Date "1981.??.??"]
[Round "8"]
[White "Radev Iordanov, Nikolay"]
[Black "Kirov, Nino"]
[Result "1/2-1/2"]
[WhiteElo "2360"]
[BlackElo "2475"]
[PlyCount "33"]
[EventDate "1981.02.??"]
[EventType "tourn"]
[EventRounds "13"]
[EventCountry "BUL"]
[EventCategory "8"]
[SourceTitle "MCD"]
[Source "ChessBase"]
[SourceDate "1999.07.01"]
[SourceVersion "1"]
[SourceVersionDate "1999.07.01"]
[SourceQuality "1"]

1. d4 Nf6 2. c4 e6 3. Nf3 b6 4. g3 Bb7 5. Bg2 Be7 6. 0-0 0-0 7. Nc3 Ne4 8. Nxe4 Bxe4 9. Ne1 Bxg2 10. Nxg2 d5 11. Qa4 c5 12. cxd5 Qxd5 13. Be3 cxd4 14. Qxd4 Qxd4 15. Bxd4 Nc6 16. Bc3 Bf6 17. Bxf6 1/2-1/2

[Event "Pamporovo-05"]
[Site "Pamporovo"]
[Date "1981.??.??"]
[Round "5"]
[White "Radev Iordanov, Nikolay"]
[Black "Velikov, Petar"]
[Result "1/2-1/2"]
[WhiteElo "2360"]
[BlackElo "2445"]
[PlyCount "59"]
[EventDate "1981.02.??"]
[EventType "tourn"]
[EventRounds "13"]
[EventCountry "BUL"]
[EventCategory "8"]
[SourceTitle "MCD"]
[Source "ChessBase"]
[SourceDate "1999.07.01"]
[SourceVersion "1"]
[SourceVersionDate "1999.07.01"]
[SourceQuality "1"]

1. d4 d5 2. c4 dxc4 3. Nf3 Nf6 4. e3 e6 5. Bxc4 a6 6. a4 c5 7. 0-0 Nc6 8. Qe2 cxd4 9. Rd1 Be7 10. exd4 0-0 11. Nc3 Nb4 12. Bg5 Nbd5 13. Ne5 Nxc3 14. bxc3 Nd5 15. Bxe7 Qxe7 16. Bxd5 exd5 17. Qf3 Rd8 18. Rab1 Qc7 19. Rb3 Be6 20. Rdb1 Rab8 21. h3 b6 22. R1b2 a5 23. Qf4 h6 24. Nd3 Qxf4 25. Nxf4 Rd6 26. Rb5 Rc8 27. Rxb6 Rxb6 28. Rxb6 Rxc3 29. Nxe6 fxe6 30. Rxe6 1/2-1/2

[Event "Bulgaria"]
[Site "Bulgaria"]
[Date "1979.??.??"]
[Round "?"]
[White "Pantaleev, Dimitar Dimitrov"]
[Black "Radev Iordanov, Nikolay"]
[Result "1-0"]
[WhiteElo "2310"]
[BlackElo "2380"]
[PlyCount "83"]
[EventDate "1979.??.??"]
[EventType "game"]
[EventRounds "1"]
[EventCountry "BUL"]
[SourceTitle "EXT 2010"]
[Source "ChessBase"]
[SourceDate "2010.11.25"]
[SourceVersion "1"]
[SourceVersionDate "2010.11.25"]
[SourceQuality "1"]

1. d4 Nf6 2. c4 g6 3. Nc3 d5 4. g4 dxc4 5. h3 Bg7 6. e4 0-0 7. f4 c6 8. e5 Nd5 9. Bxc4 Be6 10. Bb3 Nd7 11. Nge2 N7b6 12. Ne4 Qc8 13. N2g3 Nc7 14. Bc2 Rd8 15. b3 Nb5 16. Bb2 Nd5 17. Qd2 Bh6 18. g5 Bg7 19. Nc5 a5 20. Nxe6 Qxe6 21. f5 Qd7 22. a4 Nbc7 23. 0-0-0 e6 24. fxg6 fxg6 25. Ne4 b5 26. Nf6+ Bxf6 27. gxf6 bxa4 28. bxa4 Nb4 29. Be4 Kh8 30. Qh6 Rg8 31. h4 Ncd5 32. Bb1 c5 33. Rdf1 Qf7 34. h5 g5 35. Bg6 Qc7 36. Kd2 cxd4 37. Rc1 Nc3 38. f7 Rxg6 39. hxg6 Ne4+ 40. Ke2 d3+ 41. Kf3 Nd2+ 42. Kg4 1-0

[Event "Varna-16"]
[Site "Varna"]
[Date "1977.05.11"]
[Round "1"]
[White "Radev Iordanov, Nikolay"]
[Black "Pinter, Jozsef"]
[Result "1-0"]
[WhiteElo "2430"]
[BlackElo "2445"]
[PlyCount "95"]
[EventDate "1977.05.10"]
[EventType "tourn"]
[EventRounds "13"]
[EventCountry "BUL"]
[EventCategory "6"]
[SourceTitle "EXT 2010"]
[Source "ChessBase"]
[SourceDate "2010.11.25"]
[SourceVersion "1"]
[SourceVersionDate "2010.11.25"]
[SourceQuality "1"]

1. d4 Nf6 2. c4 g6 3. g3 Bg7 4. Bg2 0-0 5. Nc3 d6 6. Nf3 Nc6 7. 0-0 e5 8. d5 Ne7 9. c5 Ne8 10. cxd6 Nxd6 11. Qb3 a6 12. a4 h6 13. Rd1 f5 14. Be3 g5 15. Bc5 Ng6 16. Rac1 Rf7 17. Nd2 e4 18. Nc4 Ne5 19. Nxd6 cxd6 20. Bb6 Qe8 21. a5 h5 22. Qb4 Bf8 23. Bd4 h4 24. Na4 Bd7 25. Nb6 Rd8 26. Qd2 f4 27. Bxe4 hxg3 28. hxg3 Bb5 29. Rc3 Bh6 30. Qc2 Qe7 31. Kg2 Rdf8 32. Rh1 Qf6 33. g4 Re7 34. Bf5 Rfe8 35. Rch3 Bg7 36. Qe4 Ng6 37. Bxf6 Rxe4 38. Bxg7 f3+ 39. Rxf3 Kxg7 40. Bxe4 Rxe4 41. Rc3 Bxe2 42. Rc7+ Kg8 43. Rhh7 Nh4+ 44. Kh2 Bxg4 45. Rcg7+ Kf8 46. Nd7+ Bxd7 47. Rxd7 Kg8 48. Rdg7+ 1-0